| 000 | 00607nam a2200169 i 4500 | ||
|---|---|---|---|
| 001 | 21450 | ||
| 003 | ES-MaACL | ||
| 007 | t| | ||
| 008 | 021125s1929 sp ||||1| spa d | ||
| 100 | 1 |
_aAlcalá del Olmo, Eugenio. _919457 |
|
| 245 | 1 | 0 |
_aContribución sobre utilidades _b: arbitrio sobre producto neto : timbre de negociación / _cpor Eugenio Alcalá del Olmo y Leandro González Reviriego ; prólogo de Carlos Prast. |
| 260 |
_aMadrid : _bCalpe, _c1929. |
||
| 300 |
_a895 p. ; _c23 cm. |
||
| 700 | 1 |
_aGonzalez Reviriego, Leandro. _958906 |
|
| 700 | 1 |
_aPrast, Carlos. _993658 |
|
| 852 |
_aES-MaACL _jB-4997 |
||
| 999 |
_c21450 _d21450 |
||